[Event "Aragon-chT Preferente B"]
[Site "Aragon"]
[Date "2014.02.01"]
[Round "2.64"]
[White "Garcia Arrazola, Jesus Maria"]
[Black "Marcellan Peire, Jesus Eduardo"]
[Result "0-1"]
[WhiteElo "1641"]
[BlackElo "1886"]
[PlyCount "74"]
[EventDate "2014.01.25"]
[EventType "team-tourn"]
[EventRounds "9"]
[EventCountry "ESP"]
[SourceTitle "EXT 2015"]
[Source "ChessBase"]
[SourceDate "2014.11.20"]
[SourceVersion "1"]
[SourceVersionDate "2014.11.20"]
[SourceQuality "1"]
[WhiteTeam "Calatayud"]
[BlackTeam "Ejea"]
[WhiteTeamCountry "ESP"]
[BlackTeamCountry "ESP"]

1. Nf3 Nf6 2. c4 g6 3. Nc3 Bg7 4. e4 d6 5. d4 0-0 6. Be2 Nbd7 7. 0-0 c5 8. h3 cxd4 9. Nxd4 Nc5 10. f3 a6 11. Be3 Nh5 12. Qe1 e5 13. Nc2 f5 14. exf5 Bxf5 15. Nb4 Nf4 16. g4 Be6 17. Bxf4 exf4 18. Rb1 Rc8 19. Nbd5 Kh8 20. b3 Nd7 21. Ne4 Bxd5 22. cxd5 Nc5 23. a4 Re8 24. Bc4 Nxe4 25. fxe4 Be5 26. Rf3 Qg5 27. Qb4 h5 28. Qd2 hxg4 29. hxg4 Qxg4+ 30. Qg2 Qxg2+ 31. Kxg2 Kg7 32. Rh1 Rh8 33. Rfh3 Rxh3 34. Rxh3 g5 35. Kf3 Kg6 36. Kg4 Bf6 37. Rc3 Bxc3 0-1